000
00240nam a22000857a 4500
999
_c
11380
_d
11380
008
190402b ||||| |||| 00| 0 eng d
100
_a
Arora Sumita
_9
7117
245
_a
Computer Science with C++(XII)
260
_a
New Delhi
_b
Dhanpat Rai & Co
_c
2010